| 000 | 00915nam a2200265 i 4500 | ||
|---|---|---|---|
| 001 | bg | ||
| 100 | 1 | _aHIAM, Alexander | |
| 245 | 1 | 0 |
_aDyrektor zarządzający : _bnarzędzia i metody wspomagające podejmowanie decyzji / _cAlexander Hiam ; przeł. Jolanta Pers. |
| 246 |
_iTyt. oryg.: _aThe vest-pocket CEO : decision making tools for executives |
||
| 260 |
_aWarszawa : _b"ABC", _c1999. |
||
| 300 |
_a394 s. : _bwykr. ; _c24 cm. |
||
| 490 | 1 | _aBiblioteka Praktyków Zarządzania | |
| 500 | _aTyt. oryg. : "The vest-pocket CEO : decision making tools for executives" 1990. | ||
| 504 | _aBibliogr. przy rozdz. | ||
| 650 | 9 | _aZarządzanie | |
| 655 | _aPodręczniki | ||
| 830 | _aBiblioteka Praktyków Zarządzania | ||
| 020 | _a8387916110 | ||
| 040 | _cBPK | ||
| 041 | 1 |
_apl _hen |
|
| 080 | _a658.1/.5.012.4(07) | ||
| 920 | _a83-87916-11-0 | ||
| 942 | _cKS | ||
| 008 | s pl f |000 0 pol | ||
| 999 |
_c36416 _d36416 |
||
| 856 |
_uhttp://koha.tu.koszalin.pl/cgi-bin/koha/opac-detail.pl?biblionumber=36416 _yKatalog online BPK |
||